000 00582nam a2200205Ii 4500
001 9544
003 CO-ViMGA
008 241108s9999||||xx |||||||||||||| ||und||
040 _aCO-ViMGA
_bspa
_erda
_cCO-ViMGA
041 0 _aspa
082 0 4 _a642.6 G166
100 1 _aJesús Felipe Gallego
_948520
245 1 0 _aManual póetico de restaurantes
264 1 _aBogotá, Colombia : Ofice, 1974
300 _avolumen
336 _atext
_btxt
_2rdacontent
337 _aunmediated
_bn
_2rdamedia
338 _avolume
_bnc
_2rdacarrier
940 _aidficha_siabuc: 9331. -- ficha_no_siabuc:9544
999 _c43162
_d43162